000 00936nam a2200229 a 4500
001 63505
003 BD-RjUL
005 20211209081214.0
008 170130b19941982ii ||||| |||| 00| 0 ben d
020 _a8170795036
_c: IRs.25.00
035 _a(BD-RjUL)63634
040 _aBD-RjUL
_bben
_cBD-RjUL
_dBD-RjUL
041 _aben
082 _223
_a891.44109
_bCHK 1994
100 _aচক্রবর্তী, নীরেন্দ্রনাথ
_9170417
245 1 0 _aকবিতার কী ও কেন /
_cনীরেন্দ্রনাথ চক্রবর্তী
260 _aকলকাতা :
_bদেজ পাবলিশিং,
_c১৯৮২ [মুদ্রণ ১৯৯৪]
300 _a৯৭ পৃ. ;
_c২৩ সেমি.
650 _aবাংলা কবিতা
_9179513
_vইতিহাস ও সমালোচনা
650 _aBengali Poetry
_9179514
_vHistory and Criticism
942 _2ddc
_cBK
999 _c63505
_d63505